Loading...
Design and applications of single - site heterogeneous catalysts
| Main Author: | |
|---|---|
| Format: | Printed Book |
| Published: |
London
Imperial college press
2012
|
| LEADER | 00455nam a22001337a 4500 | ||
|---|---|---|---|
| 020 | |a 9781848169104 | ||
| 082 | |a 547 P12 | ||
| 100 | |a Sir John Meurig Thomas | ||
| 245 | |a Design and applications of single - site heterogeneous catalysts | ||
| 260 | |a London |b Imperial college press |c 2012 | ||
| 300 | |a 293 | ||
| 942 | |c BK | ||
| 999 | |c 106961 |d 106961 | ||
| 952 | |0 0 |1 0 |4 0 |6 547_000000000000000_P12 |7 0 |9 101667 |a SCS |b SCS |d 2014-10-20 |l 0 |o 547 P12 |p SCS03561 |r 2014-10-20 |w 2014-10-20 |y BK | ||